Flagge + Umriss - Länder von Asien - Statistiken

Allgemein
  • Dieses Quiz wurde 88 mal gespielt
  • Das Durchschnittsergebnis liegt bei 40 aus 48
Antwortstatistiken
Bildquiz Antwort % Korrekt
China
99%
Indien
99%
Israel
99%
Thailand
96%
Zypern
96%
Bangladesch
94%
Japan
94%
Georgien
93%
Vietnam
93%
Laos
91%
Libanon
91%
Südkorea
91%
Türkei
91%
Mongolei
90%
Saudi-Arabien
90%
Taiwan
90%
Bhutan
88%
Kirgisistan
88%
Pakistan
88%
Afghanistan
87%
Iran
87%
Irak
86%
Kambodscha
86%
Myanmar
86%
Indonesien
84%
Malaysia
84%
Syrien
83%
Kasachstan
81%
Nepal
81%
Nordkorea
81%
Philippinen
81%
Katar
80%
Singapur
80%
Sri Lanka
80%
Aserbaidschan
78%
Jemen
78%
Vereinigte Arabische Emirate
78%
Kuwait
75%
Armenien
74%
Jordanien
74%
Oman
74%
Tadschikistan
74%
Turkmenistan
72%
Usbekistan
72%
Bahrain
70%
Brunei
70%
Malediven
68%
Osttimor
67%
Keine übereinstimmenden Quizze gefunden
Verteilung der Resultate
Anzahl Personen mit jedem Resultat
Perzentil nach korrekt beantworteten Fragen
Ihre Resultats-Entwicklung
Sie haben dieses Quiz noch nicht gespielt